Fundamentals of electrical drives / (Record no. 180283)
[ view plain ]
| 000 -LEADER | |
|---|---|
| fixed length control field | 00943 a2200193 4500 |
| 003 - CONTROL NUMBER IDENTIFIER | |
| control field | Nust |
| 005 - DATE AND TIME OF LATEST TRANSACTION | |
| control field | 20221024101556.0 |
| 020 ## - INTERNATIONAL STANDARD BOOK NUMBER | |
| International Standard Book Number | 8173194289 |
| 040 ## - CATALOGING SOURCE | |
| Transcribing agency | Nust |
| 082 ## - DEWEY DECIMAL CLASSIFICATION NUMBER | |
| Classification number | 621.3,DUB |
| 100 ## - MAIN ENTRY--PERSONAL NAME | |
| Personal name | Dubey, Gopal K. |
| 9 (RLIN) | 101181 |
| 245 ## - TITLE STATEMENT | |
| Title | Fundamentals of electrical drives / |
| Statement of responsibility, etc. | Gopal K. Dubey |
| 250 ## - EDITION STATEMENT | |
| Edition statement | 2nd ed |
| 260 ## - PUBLICATION, DISTRIBUTION, ETC. | |
| Place of publication, distribution, etc. | 2001 |
| Name of publisher, distributor, etc. | Narosa |
| Date of publication, distribution, etc. | New Delhi |
| 300 ## - PHYSICAL DESCRIPTION | |
| Extent | 392 p. |
| 505 ## - FORMATTED CONTENTS NOTE | |
| Formatted contents note | Electrical Drives – An Introduction (Page-1), Dynamic of Electrical Drives (Page-11), Control of Electrical Drives (Page-32), Selection of Motor Power Rating (Page-44), DC Motor Drives (Page-60), Induction Motor Drives (Page-140), Stepper Motor and Switched Reluctance Motor Drives (Page-280), Solar and Battery Powered Drives (Page-297), Traction Drives (Page-305), Energy Conservation in Electrical Drives (Page-355), Electrical Drive System and Components (Page-365). |
| 650 ## - SUBJECT ADDED ENTRY--TOPICAL TERM | |
| Topical term or geographic name entry element | Fundamental of electrical drives |
| 9 (RLIN) | 101182 |
| 942 ## - ADDED ENTRY ELEMENTS (KOHA) | |
| Source of classification or shelving scheme | |
| Koha item type | Book |
| Withdrawn status | Lost status | Source of classification or shelving scheme | Damaged status | Not for loan | Permanent Location | Current Location | Shelving location | Date acquired | Full call number | Barcode | Date last seen | Price effective from | Koha item type | Public note |
|---|---|---|---|---|---|---|---|---|---|---|---|---|---|---|
| Military College of Signals (MCS) | Military College of Signals (MCS) | General Stacks | 12/12/2016 | 621.3,DUB | MCS30377 | 12/08/2016 | 12/12/2016 | Book | Almirah No.28, Shelf No.1 |
